header

Understanding migraine and other headaches (Record no. 93723)

MARC details
000 -LEADER
fixed length control field 01298nam a22003254a 4500
082 04 - DEWEY DECIMAL CLASSIFICATION NUMBER
Classification number 616.8/4912
100 1# - MAIN ENTRY--AUTHOR NAME
Personal name Tepper, Stewart J.
245 10 - TITLE STATEMENT
Title Understanding migraine and other headaches
260 ## - PUBLICATION, DISTRIBUTION, ETC. (IMPRINT)
Place of publication Jackson, Miss. :
Name of publisher University Press of Mississippi,
Year of publication c2004.
300 ## - PHYSICAL DESCRIPTION
Number of Pages viii, 130 p. :
Other physical details ill.
490 1# - SERIES STATEMENT
Series statement Understanding health and sickness series
650 #0 - SUBJECT ADDED ENTRY--TOPICAL TERM
Topical Term Migraine.
Topical Term Headache.
856 40 - ELECTRONIC LOCATION AND ACCESS
Uniform Resource Identifier http://site.ebrary.com/lib/rucke/Doc?id=10157874

No items available.

© 2026 Rongo University
Contact us: librarian | system librarian | Rongo university